000 01396ntm a2200253 a 4500
001 75665
003 BD-RjUL
005 20211209082726.0
008 190513s2016 bg ||||| |mb| 00| 0 ben d
035 _a(BD-RjUL)75883
040 _aBD-RjUL
_bben/eng
_cBD-RjUL
_dBD-RjUL
041 _aben
082 _223
_a741.569
_bAHU 2016
100 1 _aআহমেদ, জুবাইর
_9231667
245 _aউন্নয়ন যোগযোগে কার্টুনচিত্র /
_cজুবাইর আহমেদ ;
_6গবেষণা তত্ত্বাবধায়ক : গুলনাহার বেগম
260 _aরাজশাহী :
_bচারুকলা বিভাগ, রাজশাহী বিশ্ববিদ্যালয়,
_c২০১৬
300 _a[৫], ২০০, [১৯] পাতা :
_bচিত্র ;
_c২৯ সেমি.
502 _aথিসিস (পিএইচ. ডি.)-- চারুকলা বিভাগ, রাজশাহী বিশ্ববিদ্যালয়, ২০১৬
504 _aগ্রন্থপঞ্জি: পাতা ১২২-১৩৩
650 _aকার্টুনচিত্র
_9231669
650 _aCaricatures and cartoons
_9231670
700 _aবেগম, গুলনাহার, গবেষণা তত্ত্বাবধায়ক
_9231668
942 _2ddc
_cTHE
999 _c75665
_d75665